Normal view
MARC view
Entry Topical Term
001 - CONTROL NUMBER
- control field: 262435
003 - CONTROL NUMBER IDENTIFIER
- control field: OSt
005 - DATE AND TIME OF LATEST TRANSACTION
- control field: 20260423123248.0
008 - FIXED-LENGTH DATA ELEMENTS
- fixed length control field: 260423|| aca||aabn | a|a d
040 ## - CATALOGING SOURCE
- Original cataloging agency: OSt
- Transcribing agency: OSt
150 ## - HEADING--TOPICAL TERM
- Topical term or geographic name entry element: Geography
670 ## - SOURCE DATA FOUND
- Source citation: Work cat.: (OSt)89073: SURYANARAYANA HEGADE. ಸೂರ್ಯನಾರಾಯಣ ಹೆಗಡೆ 262434, Shalmala nadi., 1983